| 000 | 00987nam a22002657a 4500 | ||
|---|---|---|---|
| 999 |
_c2067 _d2067 |
||
| 003 | AR-CdUCM | ||
| 008 | 190301b ||||| |||| 00| 0 spa d | ||
| 020 | _a8478462597 | ||
| 020 | _a8478462600 | ||
| 040 |
_aMUNICIPALIDAD PROVINCIAL DEL CUSCO _cBIBLIOTECA MUNICIPAL DEL CUSCO |
||
| 082 |
_a860 / _bM26 |
||
| 100 |
_aMartinez Martinez, Maria del Carmen _97471 |
||
| 245 |
_aLa Emigración Castellana y Leonesa al Nuevo Mundo (1517 - 1700) / _cMartinez Martinez, Maria del Carmen |
||
| 260 |
_aSalamanca : _bGraficas Varona, _c1993. |
||
| 300 |
_a306 paginas ; _bIlustraciones, Tablas, Fotos, _c25cm. |
||
| 500 | _aLa Emigración | ||
| 505 | _aLa Preocupación por el Poblamiento de las Indias -- Castellanos y Leoneses hacia el nuevo Mundo. | ||
| 650 |
_aLiteratura _983 |
||
| 650 |
_aMigración _97472 |
||
| 650 |
_aAmerica _91348 |
||
| 700 |
_aMartinez Martinez, Maria del Carmen _97471 |
||
| 700 |
_aFigaldo, Ricardo _97473 |
||
| 942 |
_2ddc _cLIBROS |
||
| 945 |
_apjha _d2019-03-01 |
||